INTERNET AND WEB PAGE DESIGN (Record no. 60)

MARC details
000 -LEADER
fixed length control field 00402nam a22001697a 4500
005 - DATE AND TIME OF LATEST TRANSACTION
control field 20240910111615.0
008 - FIXED-LENGTH DATA ELEMENTS--GENERAL INFORMATION
fixed length control field 160426b xxu||||| |||| 00| 0 eng d
020 ## - INTERNATIONAL STANDARD BOOK NUMBER
ISBN 81-7656-278-5
041 ## - LANGUAGE CODE
Language code of text/sound track or separate title eng
082 ## - DEWEY DECIMAL CLASSIFICATION NUMBER
Classification number 004.678
100 ## - MAIN ENTRY--AUTHOR NAME
Personal name MURARKA, DR P.D.
245 ## - TITLE STATEMENT
Title INTERNET AND WEB PAGE DESIGN
260 ## - PUBLICATION, DISTRIBUTION, ETC. (IMPRINT)
Place of publication New Delhi
Name of publisher BPB Publishing,
Year of publication 2000
300 ## - PHYSICAL DESCRIPTION
Number of Pages 302;P
650 ## - SUBJECT ADDED ENTRY--TOPICAL TERM
Topical Term CS.IT
942 ## - ADDED ENTRY ELEMENTS (KOHA)
Koha item type Books
Holdings
Lost status Damaged status Collection code Home library Current library Shelving location Date acquired Cost, normal purchase price Full call number Accession Number Koha item type
    CS/IT JRU Library JRU Library SHELF-50-C 26/04/2016 150.00 004.678 00181 Books